| 000 | 01119nam a22002657a 4500 | ||
|---|---|---|---|
| 001 | 6356 | ||
| 003 | FISKH | ||
| 005 | 20250714102328.0 | ||
| 008 | 250424b cb ||||| |||| 00| 0 eng d | ||
| 020 | _a9781432957919 | ||
| 040 |
_aFISKH _beng _cFISKH _dFISKH |
||
| 050 | _aTL793 .G85 | ||
| 082 | _a629.45 | ||
| 100 | _aGuillain, Charlotte | ||
| 245 |
_aAstronauts / _cCharlotte Guillain |
||
| 260 |
_aChicago : _bHeinemann Library, _c2009. |
||
| 300 |
_a24 pages : _bcolor illustrations ; _c18 x 21 cm |
||
| 505 | _aE | ||
| 520 | _aRead this book to find out about space exploration. Books in this series introduce children to outer space. Each book uses simple, repetitive text to teach children basic vocabulary, and includes stunning photographs and artwork to show the main features of our Solar System. In Astronauts, children learn about how people travel into space, what life is like for astronauts in space, and discoveries astronauts have made. | ||
| 521 | 8 |
_a260
_bLexile |
|
| 521 | 8 |
_aE
_bRaz-Plus |
|
| 650 |
_aAstronauts _vCommunity Helpers |
||
| 942 |
_2ddc _cBK _n0 |
||
| 999 |
_c6356 _d6356 |
||